The civil service of Malaysia : a paradigm shift

Bibliographic Details
Main Author: Ahmad Sarji Abdul Hamid
Format: Book
Subjects:

MARC

LEADER 00000cam a2200000 7i4500
001 0000002479
005 20050426.0
040 |a INS 
090 0 0 |a RJQ1062.A67.   |b A231 1994 
100 1 |a Ahmad Sarji Abdul Hamid 
245 1 4 |a The civil service of Malaysia :   |b a paradigm shift   |c Ahmad Sarji Abdul Hamid 
650 0 0 |a Civil service   |z Malaysia 
999 |a 0000006684   |b BOOK   |c Reference   |e Default branch